Bài giảng văn học Việt Nam 1

Tallennettuna:
Bibliografiset tiedot
Päätekijä: Nguyễn Kim Châu
Aineistotyyppi: Kirja
Kieli:Undetermined
Julkaistu: Cần Thơ Trường Đại Học Cần Thơ - Khoa Sư Phạm 1999
Aiheet:
Tagit: Lisää tagi
Ei tageja, Lisää ensimmäinen tagi!
Thư viện lưu trữ: Trung tâm Học liệu Trường Đại học Cần Thơ
LEADER 00628nam a2200181Ia 4500
001 CTU_34854
008 210402s9999 xx 000 0 und d
082 |a 895.92207 
082 |b Ch125gt 
100 |a Nguyễn Kim Châu 
245 0 |a Bài giảng văn học Việt Nam 1 
245 0 |c Nguyễn Kim Châu 
260 |a Cần Thơ 
260 |b Trường Đại Học Cần Thơ - Khoa Sư Phạm 
260 |c 1999 
650 |a vietnamese literature - outlines, syllabi, etc,vietnamese literature - study and teaching 
904 |i Minh, 000112 
980 |a Trung tâm Học liệu Trường Đại học Cần Thơ